000
00294nam a2200109Ia 4500
008
190216s9999||||xx |||||||||||||| ||und||
100
_a
Rajendran N
245
0
_a
Establishment Of British Power In Malabar 1664 To 1799
260
_b
"Chugh Publications, India"
650
_a
History
942
_c
BK
999
_c
19241
_d
19241